| 000 | 01609cam a2200409Ia 4500 | ||
|---|---|---|---|
| 001 | 59535 | ||
| 005 | 20230410132731.0 | ||
| 008 | 990514s1999 sp af b l000 0 spa d | ||
| 035 | _a(OCoLC)ocm41403066 | ||
| 040 |
_aI5B _bspa _cI5B _dVXG _dPL# _dOCLCQ |
||
| 020 | _a8445115766 | ||
| 020 | _a9788445115763 | ||
| 029 | 0 |
_aI5B _b91974 |
|
| 035 | _a(OCoLC)41403066 | ||
| 043 | _ae-sp--- | ||
| 045 | _at0w0 | ||
| 050 | 1 | 4 |
_aQ127.S7 _bM178 1999 |
| 049 | _aGRAL | ||
| 245 | 0 | 0 |
_aMadrid, ciencia y corte / _ccomisario, Antonio Lafuente ; coordinación general, Almudena del Rosal ; catálogo, Antonio Lafuente, Javier Moscoso. |
| 260 |
_a[Madrid] : _bConsejería de Educación y Cultura, CM, _c[1999] |
||
| 300 |
_a296 p., [13] p. of plates : _bill. (some col.) ; _c24 cm. |
||
| 500 | _a"Este libro se realizó con motivo de la exposición Madrid, ciencia y corte, una iniciativa de la Dirección General de Investigatión de la Communidad de Madrid"--Colophon. | ||
| 504 | _aIncludes bibliographical references. | ||
| 650 | 0 |
_aScience and state _zSpain _xHistory. |
|
| 650 | 0 |
_aScience _zSpain _xHistory. |
|
| 651 | 0 |
_aMadrid (Spain) _xIntellectual life _xHistory. |
|
| 653 |
_aCiencia _aMadrid (España) _aSiglo XVIII _aExposiciones. |
||
| 700 | 1 | _aLafuente, Antonio. | |
| 700 | 1 | _aRosal, Almudena del. | |
| 700 | 1 | _aMoscoso, Javier. | |
| 710 | 1 |
_aMadrid (Spain : Region). _bConsejería de Educación y Cultura. |
|
| 938 |
_aIberbook International S.L. _bIBER _n91974 _cP3500 |
||
| 938 |
_aPuvill Libros _bPUVL _n8445115766 _c$25.73 |
||
| 942 |
_2lcc _cbk |
||
| 946 | _amjcruz | ||
| 994 |
_aC0 _bDRFGD |
||
| 999 |
_c86754 _d86754 |
||